Noms des villes dans Pokémon en français - Statistiques

Statistiques générales
  • Ce quiz a été pris 1 519 fois
  • Le résultat moyen est 41 sur 97
Statistiques - réponses
Région Réponse % Correct
Kanto Bourg Palette
96%
Kanto Jadielle
82%
Kanto Argenta
80%
Kanto Azuria
80%
Kanto Carmin-sur-Mer
77%
Kanto Lavanville
77%
Kanto Céladopole
76%
Kanto Safrania
73%
Johto Bourg Géon
70%
Kanto Cramois'Île
69%
Hoenn Bourg-en-Vol
67%
Johto Doublonville
63%
Kanto Parmanie
63%
Hoenn Lavandia
62%
Sinnoh Féli-Cité
60%
Johto Mauville
59%
Kalos Illumis
58%
Hoenn Atalanopolis
55%
Sinnoh Charbourg
55%
Hoenn Clémenti-Ville
54%
Sinnoh Frimapic
54%
Johto Rosalia
54%
Sinnoh Unionpolis
54%
Hoenn Poivressel
53%
Johto Écorcia
52%
Hoenn Mérouville
52%
Johto Oliville
52%
Sinnoh Vestigion
50%
Unys Volucité
50%
Hoenn Myokara
49%
Sinnoh Voilaroc
49%
Hoenn Cimetronelle
48%
Johto Ébènelle
48%
Sinnoh Floraville
48%
Sinnoh Rivamar
48%
Johto Ville Griotte
48%
Johto Acajou
47%
Hoenn Algatia
47%
Hoenn Éternara
47%
Johto Irisia
47%
Hoenn Nénucrique
47%
Sinnoh Verchamps
47%
Hoenn Pacifiville
45%
Sinnoh Bonaugure
44%
Sinnoh Littorella
44%
Hoenn Vermilava
44%
Sinnoh Bonville
43%
Kalos Bourg Croquis
43%
Sinnoh Célestia
43%
Unys Port Yoneuve
43%
Sinnoh Joliberges
42%
Hoenn Vergazon
42%
Unys Méanville
41%
Unys Janusia
40%
Hoenn Rosyères
40%
Hoenn Autéquia
39%
Unys Ogoesse
37%
Sinnoh Aire de Combat
36%
Unys Maillard
36%
Unys Renouet
34%
Unys Ville Noire
34%
Sinnoh Aire de Détente
33%
Unys Forêt Blanche
32%
Unys Flocombe
31%
Sinnoh Aire de Survie
30%
Kalos Auffrac-les-Congères
30%
Alola Ekaeka
30%
Unys Ondes-sur-Mer
29%
Kalos Relifac-le-Haut
29%
Unys Parsemille
27%
Kalos Yantreizh
27%
Unys Arabelle
26%
Kalos Cromlac'h
26%
Kalos Romant-sous-Bois
25%
Unys Vaguelone
25%
Kalos Port Tempères
24%
Kalos Roche-sur-Gliffe
24%
Unys Entrelasque
23%
Alola Lili'i
23%
Kalos Neuvartault
23%
Unys Papeloa
23%
Kalos Flusselles
22%
Kalos Fort-Vanitas
22%
Alola Malié
22%
Unys Pavonnay
22%
Kalos Quarellis
21%
Kalos Mozheim
20%
Alola Village Flottant
19%
Unys Amaillide
17%
Unys Arpentières
17%
Kalos La Frescale
16%
Alola Konikoni
15%
Alola Village Toko
15%
Kalos Batisques
14%
Alola Ho'ohale
13%
Alola Ohana
13%
Unys Rotombourg
13%
Aucun quiz correspondant
Distribution des résultats
% des personnes avec chaque résultat
Percentile par nombre de réponses
Votre historique - résultats
Vous n’avez pas pris ce quiz